| 000 | 01957nam0a2200373 4500 | ||
|---|---|---|---|
| 001 | RU\NLR\bibl\1651357 | ||
| 005 | 20250616033508.0 | ||
| 010 |
_a978-5-9775-0492-8 _92000 |
||
| 021 |
_aRU _b2010-49878 _93298 |
||
| 035 | _a(NLR Aleph) 001642676 | ||
| 090 |
_a871945 _c871945 |
||
| 100 | _a20100609d2010 |||y0rusy50 ca | ||
| 101 | 1 |
_arus _ceng |
|
| 102 | _aRU | ||
| 105 | _ay ||||||||| | ||
| 200 | 1 |
_aРуководство по строительству каркасного дома и кровельным работам _e[перевод с английского] _fМарк Р. Миллер, Рекс Миллер |
|
| 210 |
_aСанкт-Петербург _cБХВ-Петербург _d2010 |
||
| 215 |
_a710 с. _cил. _d21 |
||
| 225 | 1 | _aСтроительство и архитектура | |
| 300 | _aЗагл. и авт. ориг.: Miller's Guide to Framing & Roofing / Mark R. Miller, Rex Miller | ||
| 300 | _aНа 4-й с. обл. авт.: Марк Р. Миллер - проф. Техас. с.-х. и инженер. ун-та, Рекс Миллер - почет. проф. Гос. колледжа г. Буффало | ||
| 320 | _aПредм. указ.: с. 705-710 | ||
| 454 | 0 |
_12001#$aMiller's Guide to Framing & Roofing$fMark R. Miller, Rex Miller _1700#1$aMiller$bM. R.$gMark R$4070 _1701#1$aMiller$bR.$gRex$4070 _tMiller's Guide to Framing & Roofing _aMiller, Mark R |
|
| 606 | 1 |
_aКаркасные дома _jРуководства, пособия и т.п. _xСтроительство _92427421 _3RU\NLR\auth\661445104 |
|
| 606 | 1 |
_aКровельные работы _jРуководства, пособия и т.п. _91034167 _3RU\NLR\auth\6679399 |
|
| 686 | _aН701.2я7 | ||
| 686 | _aН654.3я7 | ||
| 700 | 1 |
_aМиллер _bМ. Р. _gМарк Р _4070 |
|
| 701 | 1 |
_aМиллер _bР. _gРекс _4070 |
|
| 801 | 0 |
_aRU _bNLR _c20100609 _gRCR |
|
| 801 | 1 |
_aRU _bNLR _c20100609 |
|
| 942 | _cBOOK | ||
| 980 | _aNB | ||